|
|
|
|
| LEADER |
00000nam a22000007a 4500 |
| 005 |
20210823131028.0 |
| 007 |
cr|||| |||| |
| 008 |
210823s2021 es |||||s|||| 00||0 spa d |
| 020 |
|
|
|a 978-84-1381-164-2
|
| 035 |
|
|
|a 33670
|
| 040 |
|
|
|a vLex
|
| 090 |
|
|
|c 12111
|d 12111
|
| 100 |
1 |
|
|a Gonzl̀ez Pachn̤, Laura
|
| 245 |
1 |
2 |
|a La desprivatizacin̤ y desjudicializacin̤ del derecho de insolvencia
|h [Recurso electrn̤ico] :
|b Especial referencia a los acuerdos de refinanciacin̤ /
|c Laura Gonzl̀ez Pachn̤
|
| 256 |
|
|
|a Servicio en ln̕ea
|
| 260 |
|
|
|a Madrid:
|b Marcial Pons,
|c 2021
|
| 300 |
|
|
|a 1 recurso electrn̤ico
|
| 500 |
|
|
|a Este libro presenta una teora̕ sobre la articulacin̤ actual del Derecho concursal. El tt̕ulo lo revela con claridad: desprivatizacin̤ y desjudicializacin̤ del Derecho de la insolvencia. Desprivatizacin̤ en cuanto que los procedimientos paraconcursales de saneamiento de empresas, en la prc̀tica, han hecho desaparecer el concurso e instituciones anl̀ogas en el tratamiento de la insolvencia de determinadas empresas, en especial aquellas con valor crucial o estratǧico para las economa̕s. Desjudicializacin̤ en las instituciones preventivas del concurso con una paralela minoracin̤ progresiva del papel del juez, que ve reducida su actuacin̤ a un control ex post cuando se pretende una eficacia hetern̤oma. Este anl̀isis tambiň se contempla desde la perspectiva de la regulacin̤ actual, el Texto Refundido de la Ley Concursal en vigor desde el 1 de septiembre de 2020, que viene a constituir la base idn̤ea para que en el futuro se pueda acometer la inexcusable trasposicin̤ de la Directiva (UE) 2019/1023 del Parlamento Europeo y del Consejo, de 20 de junio, sobre marcos de reestructuracin̤ preventiva, exoneracin̤ de deudas e inhabilitaciones, y sobre medidas para aumentar la eficiencia de los procedimientos de reestructuracin̤, insolvencia y exoneracin̤ de deudas.
|
| 506 |
1 |
|
|a Disponible solo en los productos indicados
|d vLex Global
|d vLex Global (Academic Edition, excluding Law Schools)
|d vLex Global (U.S. Academic Edition, Law Schools)
|d vLex Global (U.S. Academic Edition, excluding Law Schools)
|d vLex Global (Academic Edition, Law Schools)
|
| 650 |
0 |
4 |
|a Sociedades
|z Espaą
|
| 740 |
0 |
|
|a vLex Libros (Servicio en ln̕ea)
|
| 856 |
4 |
0 |
|u https://app.vlex.com/#/sources/33670
|z Acceso restringido
|
| 942 |
|
|
|c BOOK
|
| 999 |
0 |
|
|a Societies
|